Christ told you to do these things: (Record no. 5023)

000 -LEADER
fixed length control field 00604nam a2200193 a 4500
001 - CONTROL NUMBER
control field :::00002764$&:&@@
003 - CONTROL NUMBER IDENTIFIER
control field OkBaRHE
005 - DATE AND TIME OF LATEST TRANSACTION
control field 20010425115131.0
008 - FIXED-LENGTH DATA ELEMENTS--GENERAL INFORMATION
fixed length control field s1962 j 000 0 eng u
040 ## - CATALOGING SOURCE
Transcribing agency
100 1# - MAIN ENTRY--PERSONAL NAME
Personal name Roberts, Oral.
245 10 - TITLE STATEMENT
Title Christ told you to do these things:
Remainder of title do them and live abundantly.
260 ## - PUBLICATION, DISTRIBUTION, ETC. (IMPRINT)
Place of publication, distribution, etc Tulsa, OK., :
Name of publisher, distributor, etc Summit Book Co.
Date of publication, distribution, etc c1962
300 ## - PHYSICAL DESCRIPTION
Extent 72 p. ;
Dimensions 15 cm.
650 ## - SUBJECT ADDED ENTRY--TOPICAL TERM
Topical term or geographic name as entry element Christian Life
650 ## - SUBJECT ADDED ENTRY--TOPICAL TERM
Topical term or geographic name as entry element Jesus Christ Teachings
942 ## - ADDED ENTRY ELEMENTS (KOHA)
Source of classification or shelving scheme
Koha item type Books
Copies
Shelving location Withdrawn status Copy number Permanent Location Date acquired Date last seen Barcode Lost status Source of classification or shelving scheme Damaged status Full call number Koha item type Not for loan Price effective from Current Location
General Stacks 1RHEMA Bible Training College2010-04-142018-03-082764   BS 2415 .A2R62Books 2010-04-14RHEMA Bible Training College